Vice President or Dickens Character? Quiz Stats

 Plays Quiz Updated Oct 5, 2015

Challenge
Share
Tweet
Embed
Score 0/20 Timer 02:00
0 Plays Today
Veep (V) or Dickens (D)? Answer % Correct
Martin Chuzzlewit???
88.4%
Hubert Humphrey???
87.9%
Adlai Stevenson???
87.8%
Spiro Agnew???
87.5%
Septimus Crisparkle???
83.2%
Bill Sikes???
83.1%
Edward Murdstone???
83%
Arthur Havisham???
79.7%
John Nance Garner???
79.5%
Daniel Tompkins???
78.4%
Veep (V) or Dickens (D)? Answer % Correct
Jarvis Lorry???
78%
Vincent Crummles???
77.3%
Schuyler Colfax???
74%
Hannibal Hamlin???
73%
Elbridge Gerry???
72.3%
William Wheeler???
71.7%
Henry Witterly???
69.5%
Allan Woodcourt???
69.2%
James Steerforth???
63.2%
Alben Barkley???
57.1%

You're not logged in!

Compare scores with friends on all Sporcle quizzes.
Join for Free
OR
Log In

You Might Also Like...

Show Comments

Extras

Top Quizzes Today


Score Distribution

Your Account Isn't Verified!

In order to create a playlist on Sporcle, you need to verify the email address you used during registration. Go to your Sporcle Settings to finish the process.

Report this User

Report this user for behavior that violates our Community Guidelines.

Details: